[Event "Chess Festival Groningen 2019 A"]
[Site "Groningen , Netherlands"]
[Date "2019.12.22"]
[Round "2"]
[White "Kokje, Joris"]
[Black "Van Randtwijk, Mick"]
[Result "1-0"]
[WhiteElo "2222"]
[BlackElo "2047"]
[PlyCount "73"]
[EventDate "2019.12.??"]

1. d4 Nf6 2. c4 e6 3. Nf3 Bb4+ 4. Nbd2 O-O 5. a3 Bxd2+ 6. Qxd2 d6 7. g3 a6 8.
Bg2 b5 9. b3 Bb7 10. O-O Nbd7 11. a4 bxc4 12. bxc4 Qe7 13. c5 Ne4 14. Qc2 dxc5
15. Ng5 f5 16. Nxe4 Bxe4 17. Bxe4 fxe4 18. Qxe4 cxd4 19. Qxd4 Rf5 20. Ba3 c5
21. Qe4 Raf8 22. Rab1 Qf7 23. f3 Nf6 24. Qc6 Ng4 25. Bxc5 Nxh2 26. Bxf8 Nxf1
27. Rb8 Qa7+ 28. Rb6 Rxf8 29. Qxe6+ Kh8 30. Kxf1 a5 31. Kg2 h6 32. Rd6 Qb8 33.
Rd7 Re8 34. Qf7 Rxe2+ 35. Kf1 Qe5 36. Qf8+ Kh7 37. Rxg7+ 1-0

[Event "Chess Festival Groningen 2019 A"]
[Site "Groningen , Netherlands"]
[Date "2019.12.22"]
[Round "2"]
[White "Kolbus, Dietmar"]
[Black "Tiviakov, Sergei"]
[Result "0-1"]
[WhiteElo "2294"]
[BlackElo "2615"]
[PlyCount "74"]
[EventDate "2019.12.??"]

1. Nf3 Nf6 2. c4 b6 3. g3 Bb7 4. Bg2 g6 5. O-O Bg7 6. Nc3 O-O 7. Qc2 c5 8. b3
d5 9. cxd5 Nxd5 10. Bb2 Nb4 11. Qb1 e5 12. d3 N8c6 13. a3 Na6 14. Nd2 Qd7 15.
Rd1 Rfd8 16. Ra2 Qe6 17. Ba1 Rd7 18. Nc4 f5 19. Nb5 Rad8 20. Rad2 Nd4 21. Bxb7
Rxb7 22. Nxd4 exd4 23. b4 f4 24. bxc5 Nxc5 25. Rc2 Rd5 26. Nd2 fxg3 27. fxg3
Rf7 28. Nf3 g5 29. Rf1 h5 30. Qa2 g4 31. Nh4 Bh6 32. Ng2 Rdf5 33. Rxf5 Qxf5 34.
Nf4 Bxf4 35. gxf4 Qxf4 36. Qb1 Qf2+ 37. Kh1 Qf1+ 0-1

[Event "Chess Festival Groningen 2019 A"]
[Site "Groningen , Netherlands"]
[Date "2019.12.22"]
[Round "2"]
[White "Kumar, Naman"]
[Black "Van Dael, Siem"]
[Result "0-1"]
[WhiteElo "2082"]
[BlackElo "2255"]
[PlyCount "158"]
[EventDate "2019.12.??"]

1. e4 c5 2. Nf3 Nc6 3. d4 cxd4 4. Nxd4 Nf6 5. Nc3 e5 6. Ndb5 d6 7. Bg5 a6 8.
Na3 b5 9. Nd5 Be7 10. Bxf6 Bxf6 11. c3 Ne7 12. Nc2 Nxd5 13. Qxd5 Be6 14. Qc6+
Kf8 15. Ne3 Be7 16. Be2 g6 17. Bg4 Ra7 18. a4 bxa4 19. Bxe6 fxe6 20. Rxa4 a5
21. Nc4 Kg7 22. O-O Qb8 23. Rfa1 Rc8 24. Qb6 Qxb6 25. Nxb6 Rb8 26. Nc4 d5 27.
exd5 exd5 28. Nxe5 Rxb2 29. g3 Bf6 30. f4 Rb5 31. Kf2 Bd8 32. Ke3 Bb6+ 33. Kd3
Rb2 34. R1a2 Rb1 35. Nc6 Rc7 36. Nxa5 Rc1 37. R2a3 Rd1+ 38. Kc2 Rh1 39. Rb3
Rxh2+ 40. Kd3 Bf2 41. g4 Be1 42. Rb7 Rh3+ 43. Ke2 Rxb7 44. Nxb7 Bxc3 45. Nc5
Kf7 46. Ra7+ Ke8 47. f5 d4 48. f6 Re3+ 49. Kf2 Be1+ 50. Kg2 Bb4 51. Rc7 d3 52.
Nxd3 Rxd3 53. Rxh7 g5 54. Rb7 Bc3 55. f7+ Kf8 56. Rb3 Kxf7 57. Rb5 Bd2 58. Rf5+
Ke6 59. Kf2 Bf4 60. Ra5 Rd5 61. Ra4 Ke5 62. Kf3 Rd3+ 63. Ke2 Rg3 64. Ra5+ Ke6
65. Ra6+ Kd5 66. Ra5+ Kc4 67. Ra4+ Kb5 68. Ra8 Rxg4 69. Kf3 Rg3+ 70. Ke4 Rg1
71. Rc8 Bd6 72. Rd8 Kc6 73. Rc8+ Kd7 74. Rg8 g4 75. Rg6 g3 76. Kf3 Kc6 77. Ke4
Re1+ 78. Kf3 Kd5 79. Rg5+ Be5 0-1

[Event "Chess Festival Groningen 2019 A"]
[Site "Groningen , Netherlands"]
[Date "2019.12.22"]
[Round "2"]
[White "Maris, Ivo"]
[Black "Ypma, Jord"]
[Result "1-0"]
[WhiteElo "2413"]
[BlackElo "2070"]
[PlyCount "48"]
[EventDate "2019.12.??"]

1. c4 Nf6 2. b3 c6 3. Bb2 d5 4. Nf3 Bf5 5. Nh4 Bg4 6. h3 Bh5 7. g4 Bg6 8. d3 e6
9. Nd2 Bc5 10. e3 d4 11. Nxg6 hxg6 12. Qe2 Qb6 13. e4 Nbd7 14. e5 Ng8 15. f4
Bb4 16. Bg2 Ne7 17. O-O Bxd2 18. Qxd2 c5 19. b4 cxb4 20. a3 b3 21. a4 a5 22. c5
Qc7 23. Bxd4 O-O 24. Rac1 Nc6 {... notation unreadable [51]} 1-0

[Event "Chess Festival Groningen 2019 A"]
[Site "Groningen , Netherlands"]
[Date "2019.12.22"]
[Round "2"]
[White "Mollema, Thomas"]
[Black "Harshini A"]
[Result "1-0"]
[WhiteElo "2207"]
[BlackElo "2076"]
[PlyCount "101"]
[EventDate "2019.12.??"]

1. e4 e5 2. Nf3 Nc6 3. Nc3 Nf6 4. d4 exd4 5. Nxd4 Bb4 6. Nxc6 bxc6 7. Bd3 d5 8.
exd5 cxd5 9. O-O O-O 10. h3 c6 11. Qf3 Re8 12. a3 Bd6 13. b4 Qe7 14. Bf4 Be6
15. Rfe1 Bxf4 16. Qxf4 Nh5 17. Qe5 Qh4 18. Qd6 Rad8 19. Qe5 Nf4 20. Bf1 f6 21.
Qc7 Qg5 22. Kh2 Qf5 23. Ne2 Nxe2 24. Rxe2 Rc8 25. Qxa7 d4 26. Rae1 Bf7 27. Re7
Ra8 28. Qb7 Rab8 29. Qxc6 Qxf2 30. Bc4 Bxc4 31. Qxc4+ Kh8 32. Qf7 Rg8 33. Re8
Rbxe8 34. Rxe8 Qf4+ 35. Kg1 Qc1+ 36. Kf2 Qd2+ 37. Kf3 Qc3+ 38. Kg4 f5+ 39. Kh4
g5+ 40. Kh5 Rxe8 41. Qxe8+ Kg7 42. Qe7+ Kg8 43. Qxg5+ Kf7 44. Qxf5+ Ke8 45. b5
Qxa3 46. b6 Qa6 47. Qe5+ Kf7 48. Qd5+ Ke7 49. b7 Qe2+ 50. Kh4 Qe1+ 51. g3 1-0

[Event "Chess Festival Groningen 2019 A"]
[Site "Groningen , Netherlands"]
[Date "2019.12.22"]
[Round "2"]
[White "Pacher, Milan"]
[Black "Hilwerda, Jonas"]
[Result "1-0"]
[WhiteElo "2427"]
[BlackElo "2228"]
[PlyCount "63"]
[EventDate "2019.12.??"]

1. e4 c5 2. Nf3 e6 3. d4 cxd4 4. Nxd4 Nf6 5. Nc3 Nc6 6. Ndb5 Bc5 7. Bf4 O-O 8.
Bc7 Qe7 9. Bd6 Bxd6 10. Qxd6 Qd8 11. O-O-O Ne7 12. Nc7 Rb8 13. Nxe6 fxe6 14.
Qxb8 Ng4 15. f3 Nf2 16. Qxa7 Nxd1 17. Kxd1 d5 18. exd5 Nxd5 19. Nxd5 Qxd5+ 20.
Kc1 Rd8 21. Bd3 Qg5+ 22. Kb1 Qxg2 23. Rg1 Qxf3 24. a3 Qf4 25. Qa5 Qd4 26. Rg4
Qf6 27. Qh5 h6 28. Rg6 Qf4 29. Rg1 Rxd3 30. Qe8+ Qf8 31. Qxf8+ Kxf8 32. cxd3
1-0

[Event "Chess Festival Groningen 2019 A"]
[Site "Groningen , Netherlands"]
[Date "2019.12.22"]
[Round "2"]
[White "Pienabarca, Nicola"]
[Black "Woong, Zhi Wei William"]
[Result "0-1"]
[WhiteElo "2077"]
[BlackElo "2222"]
[PlyCount "53"]
[EventDate "2019.12.??"]

1. d4 d5 2. c4 e6 3. Nf3 Nf6 4. g3 Bb4+ 5. Bd2 Bd6 6. Bg2 O-O 7. O-O c6 8. c5
Bc7 9. Nc3 Nbd7 10. Bf4 Re8 11. b4 e5 12. dxe5 Nxe5 13. Nxe5 Bxe5 14. Bxe5 Rxe5
15. Qd4 Qe8 16. a4 Bf5 17. b5 Ne4 18. e3 Qe7 19. Nxe4 Bxe4 20. bxc6 bxc6 21.
Rfc1 h5 22. a5 Rb8 23. Ra2 Bxg2 24. Kxg2 Re4 25. Qd3 h4 26. Qa6 Re6 27. Qd3 0-1

[Event "Chess Festival Groningen 2019 A"]
[Site "Groningen , Netherlands"]
[Date "2019.12.22"]
[Round "2"]
[White "Rut, Vojtech"]
[Black "Markus, John Raymond"]
[Result "0-1"]
[WhiteElo "2119"]
[BlackElo "1996"]
[PlyCount "66"]
[EventDate "2019.12.??"]

1. e4 d6 2. d4 g6 3. Be3 Bg7 4. Nc3 a6 5. Qd2 b5 6. a4 b4 7. Nd1 a5 8. f3 c6 9.
Ne2 Nd7 10. g4 h6 11. h4 Ba6 12. Nf2 Nb6 13. Nd3 Nc4 14. Qc1 Qb6 15. Bf2 Qc7
16. Bh3 Nf6 17. Bg3 Nd7 18. g5 hxg5 19. hxg5 e6 20. c3 b3 21. Qf4 e5 22. Qg4
Ne3 23. Qxd7+ Qxd7 24. Bxd7+ Kxd7 25. Kf2 Bxd3 26. Kxe3 Bxe2 27. Kxe2 exd4 28.
cxd4 Bxd4 29. Rhd1 c5 30. Ra3 Rab8 31. Rd3 Rb4 32. Raxb3 c4 33. Rxd4 Rxb3 0-1

[Event "Chess Festival Groningen 2019 A"]
[Site "Groningen , Netherlands"]
[Date "2019.12.22"]
[Round "2"]
[White "Tabak, Stefan"]
[Black "Van Hoorn, Geert"]
[Result "1-0"]
[WhiteElo "2166"]
[BlackElo "2032"]
[PlyCount "105"]
[EventDate "2019.12.??"]

1. e4 c5 2. Nf3 d6 3. d4 cxd4 4. Nxd4 Nf6 5. Nc3 g6 6. g3 Bg7 7. Bg2 O-O 8. h3
Nc6 9. Nde2 Be6 10. O-O Bc4 11. Re1 Rc8 12. a3 e6 13. Bg5 Qa5 14. Qd2 Bxe2 15.
Nxe2 Qxd2 16. Bxd2 d5 17. exd5 Nxd5 18. Rab1 Ne5 19. c3 Rfd8 20. Red1 Rd7 21.
Bg5 h6 22. Bd2 Rcd8 23. Nd4 Nc4 24. Be1 Ndb6 25. Rdc1 Ne5 26. Bf1 Nbc4 27. f4
Rxd4 28. cxd4 Nf3+ 29. Kf2 Ncd2 30. Rd1 Bxd4+ 31. Ke2 Bb6 32. Rxd2 Nxd2 33.
Bxd2 f6 34. Bc3 e5 35. fxe5 fxe5 36. Bg2 Kf7 37. Bxb7 Ke6 38. Rf1 h5 39. Be4 h4
40. g4 Rg8 41. Bc2 Rg7 42. Bb3+ Kd6 43. Rf6+ Kc5 44. Bc2 Kd5 45. Bxg6 Bd8 46.
Bf7+ Ke4 47. Rf5 Bc7 48. Be8 Kd5 49. Bb5 Re7 50. Bd3 Bb6 51. g5 a5 52. g6 a4
53. Rxe5+ 1-0

[Event "Chess Festival Groningen 2019 A"]
[Site "Groningen , Netherlands"]
[Date "2019.12.22"]
[Round "2"]
[White "Theulings, Paul-Peter"]
[Black "Wedda, Dries"]
[Result "1-0"]
[WhiteElo "2070"]
[BlackElo "2209"]
[PlyCount "99"]
[EventDate "2019.12.??"]

1. Nf3 Nf6 2. c4 e6 3. Nc3 d5 4. d4 a6 5. c5 Nc6 6. Bf4 Ne4 7. e3 Nxc3 8. bxc3
b6 9. cxb6 cxb6 10. Bd3 Bd6 11. O-O Bxf4 12. exf4 Qc7 13. g3 O-O 14. Re1 Bd7
15. Rc1 Rfc8 16. Bb1 b5 17. Qd3 g6 18. h4 h5 19. Ng5 Ne7 20. Qf3 Kg7 21. f5
gxf5 22. Qxh5 Rf8 23. Qh7+ Kf6 24. Qh6+ Ng6 25. Nh7+ Ke7 26. Qg5+ Kd6 27. h5
Ne7 28. Nxf8 Rxf8 29. Qf4+ Kc6 30. Qxc7+ Kxc7 31. Kg2 Ng8 32. Rh1 Nh6 33. Bd3
f6 34. f4 Kd6 35. Be2 Rc8 36. Kf2 Be8 37. Ke3 Rc7 38. Kd2 Rg7 39. Rh3 Kc6 40.
Rb1 Ra7 41. a3 Re7 42. Bd1 Kc7 43. Be2 Kb6 44. a4 Kb7 45. axb5 axb5 46. Rhh1
Ka7 47. Ra1+ Kb7 48. Rhb1 Kb8 49. Rb2 Kb7 50. Rba2 1-0

[Event "Chess Festival Groningen 2019 A"]
[Site "Groningen , Netherlands"]
[Date "2019.12.22"]
[Round "2"]
[White "Van Foreest, Machteld"]
[Black "Berndt, Matthias"]
[Result "0-1"]
[WhiteElo "2187"]
[BlackElo "2065"]
[PlyCount "94"]
[EventDate "2019.12.??"]

1. e4 e6 2. d4 d5 3. Nd2 Nc6 4. Ngf3 Nf6 5. e5 Nd7 6. Nb3 a5 7. a4 b6 8. c3 Be7
9. h4 Ncb8 10. Ng5 c5 11. Qf3 Bxg5 12. hxg5 Qe7 13. Bd2 Ba6 14. Bxa6 Nxa6 15.
Qe2 Nc7 16. Nc1 c4 17. Qg4 O-O-O 18. Ne2 Rdg8 19. Ng3 f6 20. f4 fxg5 21. fxg5
g6 22. Qe2 Rg7 23. Nf1 Rf8 24. Nh2 Kb7 25. Ng4 Nb8 26. Be3 Nc6 27. Kd2 Ka7 28.
b3 cxb3 29. Rhb1 Rb8 30. Rxb3 Rb7 31. Nf6 Rf7 32. Rh1 Kb8 33. Rhb1 Ka7 34. Kc2
Qf8 35. Bc1 Rb8 36. Ba3 Qd8 37. Kd2 Rb7 38. Bc5 Na8 39. Ba3 Qb8 40. Qb5 Nxe5
41. dxe5 Qxe5 42. Ng4 Qxg5+ 43. Ne3 Rf2+ 44. Kd3 Qe5 45. Rb4 axb4 46. Qxb4 Rc7
47. a5 Rxc3+ 0-1

[Event "Chess Festival Groningen 2019 A"]
[Site "Groningen , Netherlands"]
[Date "2019.12.22"]
[Round "2"]
[White "Zwirs, Jasper"]
[Black "Van Baar, Esper"]
[Result "1-0"]
[WhiteElo "2062"]
[BlackElo "2181"]
[PlyCount "61"]
[EventDate "2019.12.??"]

1. e4 c5 2. Nf3 d6 3. d4 cxd4 4. Nxd4 Nf6 5. Nc3 a6 6. Bg5 Nbd7 7. Bc4 Qc7 8.
Qe2 e6 9. O-O h6 10. Bh4 Ne5 11. Bb3 Be7 12. f4 Ng6 13. Bg3 Qc5 14. f5 Qxd4+
15. Bf2 Nf4 16. Qf3 Qe5 17. Bg3 Nh3+ 18. gxh3 Qa5 19. Rad1 O-O 20. Rf2 Rd8 21.
Kh1 Qc7 22. Rg2 Kh8 23. Rdg1 Rg8 24. Bf4 b5 25. Qe3 Bf8 26. e5 Bb7 27. exf6
gxf6 28. Nd5 Rxg2 29. Rxg2 Bxd5 30. Bxd5 exd5 31. Qg3 1-0

[Event "Chess Festival Groningen 2019 A"]
[Site "Groningen , Netherlands"]
[Date "2019.12.22"]
[Round "2.12"]
[White "Varshini, V."]
[Black "Davtyan, Artur"]
[Result "0-1"]
[WhiteElo "2227"]
[BlackElo "2437"]
[PlyCount "106"]
[EventDate "2019.12.??"]

1. d4 d5 2. Bf4 Nf6 3. e3 e6 4. Nd2 c5 5. c3 Nc6 6. Ngf3 Bd6 7. Bg3 O-O 8. Bd3
b6 9. Ne5 Bb7 10. f4 Ne7 11. Qf3 Nf5 12. Bf2 Be7 13. O-O Nd6 14. Qh3 Nfe4 15.
dxc5 bxc5 16. Nxe4 dxe4 17. Be2 Qc7 18. c4 Rad8 19. Be1 f6 20. Ng4 f5 21. Ne5
Bf6 22. Bc3 Nf7 23. Qg3 Nxe5 24. fxe5 Be7 25. Rad1 Bc6 26. Rxd8 Rxd8 27. h4 g6
28. h5 g5 29. h6 Be8 30. Qh3 Bg6 31. g4 Rf8 32. gxf5 exf5 33. Rd1 Qc6 34. Qh2
Qe6 35. Bh5 f4 36. exf4 Rxf4 37. Be2 Rg4+ 38. Kf2 Qf5+ 39. Ke1 Rh4 40. Qg2 e3
41. Rd8+ Bxd8 42. Qd5+ Kf8 43. Qxd8+ Be8 44. Qd6+ Kf7 45. Qd5+ Qe6 46. Qf3+ Kg6
47. Qxe3 Qe7 48. a3 Kxh6 49. b4 Rh1+ 50. Kf2 Qf7+ 51. Kg3 Qf5 52. Bg4 Qf1 53.
Qxc5 Rg1+ 0-1

[Event "Chess Festival Groningen 2019 A"]
[Site "Groningen , Netherlands"]
[Date "2019.12.23"]
[Round "3"]
[White "Berndt, Matthias"]
[Black "Zhou, Guijue"]
[Result "0-1"]
[WhiteElo "2065"]
[BlackElo "2238"]
[PlyCount "100"]
[EventDate "2019.12.??"]

1. e4 d6 2. d4 Nf6 3. Nc3 g6 4. Nf3 a6 5. a4 Bg7 6. Be2 O-O 7. O-O b6 8. Re1 e6
9. e5 dxe5 10. Nxe5 Bb7 11. Bf3 c6 12. Bg5 h6 13. Bh4 g5 14. Bg3 Nd5 15. Nxd5
exd5 16. Bh5 Nd7 17. f4 Nxe5 18. fxe5 Bc8 19. Qe2 Be6 20. Rf1 c5 21. c3 Qe7 22.
Bf2 c4 23. Be3 f5 24. exf6 Rxf6 25. Rxf6 Bxf6 26. Bd2 Bf7 27. Bxf7+ Qxf7 28.
Re1 b5 29. axb5 axb5 30. h4 gxh4 31. Bxh6 Kh7 32. Bc1 Rg8 33. Qe6 Qxe6 34. Rxe6
Rg6 35. Kf1 Bg5 36. Re1 Rf6+ 37. Kg1 Bxc1 38. Rxc1 Re6 39. Kf1 Kg6 40. Ra1 Kf5
41. Ra8 b4 42. Rf8+ Ke4 43. Ke2 bxc3 44. bxc3 Rg6 45. Re8+ Kf4 46. Kf2 Rg3 47.
Re5 Rxc3 48. Rxd5 Rc2+ 49. Kg1 Ke3 50. Rd8 c3 0-1

[Event "Chess Festival Groningen 2019 A"]
[Site "Groningen , Netherlands"]
[Date "2019.12.23"]
[Round "3"]
[White "Bruil, Rembrandt"]
[Black "Albers, Sasa"]
[Result "1/2-1/2"]
[WhiteElo "2206"]
[BlackElo "1997"]
[PlyCount "23"]
[EventDate "2019.12.??"]

1. d4 Nf6 2. Nf3 e6 3. Bg5 h6 4. Bh4 g5 5. Bg3 Bg7 6. Nbd2 O-O 7. e4 d6 8. c3
Nc6 9. Bd3 e5 10. dxe5 dxe5 11. Qe2 Nh5 12. O-O-O 1/2-1/2

[Event "Chess Festival Groningen 2019 A"]
[Site "Groningen , Netherlands"]
[Date "2019.12.23"]
[Round "3"]
[White "Danada, Tomas"]
[Black "Zwirs, Jasper"]
[Result "1/2-1/2"]
[WhiteElo "2271"]
[BlackElo "2062"]
[PlyCount "74"]
[EventDate "2019.12.??"]

1. d4 d5 2. c4 c6 3. Nf3 Nf6 4. e3 g6 5. Nc3 Bg7 6. Bd3 O-O 7. O-O dxc4 8. Bxc4
b5 9. Bb3 Bb7 10. Ne5 Nbd7 11. f4 a6 12. Nd3 Qb6 13. a4 c5 14. dxc5 Nxc5 15.
Nxc5 Qxc5 16. axb5 axb5 17. Rxa8 Rxa8 18. Qe2 b4 19. Qb5 Qxb5 20. Nxb5 Ne4 21.
Nd4 Rd8 22. Nf3 e6 23. Rd1 Rxd1+ 24. Bxd1 Bd5 25. Nd4 Bxd4 26. exd4 Kf8 27. Bc2
Ke7 28. Bxe4 Bxe4 29. Bd2 b3 30. Kf2 Kd6 31. g3 Kd5 32. Ke3 f5 33. Bb4 Bc2 34.
h3 h5 35. h4 Kc4 36. Bf8 Kd5 37. Be7 Kc4 1/2-1/2

[Event "Chess Festival Groningen 2019 A"]
[Site "Groningen , Netherlands"]
[Date "2019.12.23"]
[Round "3"]
[White "Elgersma, Onno"]
[Black "Mollema, Thomas"]
[Result "0-1"]
[WhiteElo "2319"]
[BlackElo "2207"]
[PlyCount "130"]
[EventDate "2019.12.??"]

1. e4 c5 2. Nf3 e6 3. d4 cxd4 4. Nxd4 a6 5. Be2 Nf6 6. Qd3 e5 7. Nf3 d5 8. Nbd2
Nc6 9. c3 Be6 10. O-O h6 11. Rd1 Bc5 12. h3 Qb6 13. Rf1 Rd8 14. Qc2 O-O 15.
exd5 Bxd5 16. b4 Bxf2+ 17. Rxf2 e4 18. Nf1 exf3 19. Be3 Qc7 20. Bxf3 Bxf3 21.
Rxf3 Nxb4 22. Qf5 Nbd5 23. Bd4 Qd7 24. Qe5 Rfe8 25. Qg3 Qd6 26. c4 Nf4 27. Qxf4
Qxd4+ 28. Qxd4 Rxd4 29. Rb1 Re7 30. Ne3 Rd2 31. Nf5 Ree2 32. Rg3 Nh5 33. Rg4
Rf2 34. Ne7+ Kh7 35. Rxb7 f5 36. Rg6 Rfe2 37. c5 Rxe7 38. Rxe7 Kxg6 39. Re6+
Kg5 40. Rxa6 Ng3 41. Rd6 Rxd6 42. cxd6 Kf6 43. Kf2 Ne4+ 44. Ke3 Nxd6 45. Kd4
Ke6 46. Kc5 Ke5 47. a4 g5 48. Kc6 Nc4 49. Kc5 Na5 50. Kb5 Nb3 51. Kc4 Nd4 52.
a5 Nc6 53. a6 Kd6 54. g3 h5 55. h4 f4 56. gxf4 gxh4 57. f5 h3 58. f6 h2 59. f7
Ne5+ 60. Kb5 Nxf7 61. Kb6 h1=Q 62. Ka7 Ne5 63. Kb8 Nd7+ 64. Ka7 Kc6 65. Ka8
Kb6# 0-1

[Event "Chess Festival Groningen 2019 A"]
[Site "Groningen , Netherlands"]
[Date "2019.12.23"]
[Round "3"]
[White "Harshini A"]
[Black "Rut, Vojtech"]
[Result "1-0"]
[WhiteElo "2076"]
[BlackElo "2119"]
[PlyCount "117"]
[EventDate "2019.12.??"]

1. e4 Nf6 2. e5 Nd5 3. c4 Nb6 4. d4 d6 5. Nf3 Bg4 6. exd6 cxd6 7. Be3 Nc6 8.
Nbd2 g6 9. h3 Bxf3 10. Nxf3 Bg7 11. Be2 O-O 12. Qd2 e5 13. d5 Ne7 14. O-O Nf5
15. Rac1 Rc8 16. b4 Nxe3 17. Qxe3 a5 18. a3 axb4 19. axb4 Na4 20. Bd1 Qd7 21.
Bb3 e4 22. Qxe4 Rfe8 23. Qd3 Nb2 24. Qc2 Qf5 25. Qxf5 gxf5 26. c5 Nd3 27. Rcd1
Nxb4 28. cxd6 Red8 29. Nh4 Bf8 30. Nxf5 Bxd6 31. Rd4 Bc5 32. Rg4+ Kf8 33. d6
Nd3 34. Ne7 Bxd6 35. Nxc8 Rxc8 36. Rd4 Rc3 37. Rxd6 Rxb3 38. Rd1 Nc5 39. Rc1 b6
40. Rdd1 Ke7 41. Rb1 Rxb1 42. Rxb1 Nd7 43. Rb5 Kd6 44. Kf1 f6 45. Ke2 Ke6 46.
Rh5 Nf8 47. Kd3 Ng6 48. Rxh7 Nf4+ 49. Ke4 Nxg2 50. Rb7 f5+ 51. Kf3 Nh4+ 52. Kg3
Ng6 53. Rxb6+ Kf7 54. Rxg6 Kxg6 55. Kf4 Kf6 56. f3 Kg6 57. Ke5 Kg5 58. f4+ Kg6
59. Ke6 1-0

[Event "Chess Festival Groningen 2019 A"]
[Site "Groningen , Netherlands"]
[Date "2019.12.23"]
[Round "3"]
[White "Hilverda, Alexander"]
[Black "Theulings, Paul-Peter"]
[Result "1-0"]
[WhiteElo "2294"]
[BlackElo "2070"]
[PlyCount "44"]
[EventDate "2019.12.??"]

1. d4 Nf6 2. c4 e6 3. g3 d5 4. Nf3 Be7 5. Bg2 O-O 6. O-O b6 7. cxd5 exd5 8. Nc3
Bb7 9. Bf4 Na6 10. Rc1 c5 11. Ne5 Ne4 12. Nxe4 dxe4 13. dxc5 Nxc5 14. Qc2 Rc8
15. Rfd1 Qe8 16. Bh3 Ne6 17. Qb3 Nc5 18. Qa3 Na4 19. Qe3 f5 20. g4 Bf6 21. Nd7
Bxb2 22. Nxf8 Bc3 1-0

[Event "Chess Festival Groningen 2019 A"]
[Site "Groningen , Netherlands"]
[Date "2019.12.23"]
[Round "3"]
[White "Hilwerda, Jonas"]
[Black "Haan, Gertjan"]
[Result "1-0"]
[WhiteElo "2228"]
[BlackElo "1936"]
[PlyCount "49"]
[EventDate "2019.12.??"]

1. e4 c5 2. Nf3 e6 3. d4 cxd4 4. Nxd4 Nc6 5. Nc3 Qc7 6. Be3 a6 7. Qd2 Nf6 8. f4
Bb4 9. Bd3 Na5 10. a3 Bxc3 11. Qxc3 Qxc3+ 12. bxc3 d5 13. exd5 exd5 14. Nb3 Nc4
15. Bd4 Ne4 16. Nc5 Ncd6 17. O-O-O O-O 18. c4 Be6 19. cxd5 Bxd5 20. Nd7 Rfe8
21. Nb6 Rad8 22. Nxd5 Nf5 23. Bb6 Rd6 24. Bxe4 Rxe4 25. Bc5 1-0

[Event "Chess Festival Groningen 2019 A"]
[Site "Groningen , Netherlands"]
[Date "2019.12.23"]
[Round "3"]
[White "Krasenkova, Ilena"]
[Black "Kumar, Nikhil"]
[Result "0-1"]
[WhiteElo "2174"]
[BlackElo "2315"]
[PlyCount "124"]
[EventDate "2019.12.??"]

1. d4 Nf6 2. Bf4 b6 3. c4 Bb7 4. Nc3 e6 5. Nf3 Bb4 6. Qb3 c5 7. a3 Ba5 8. dxc5
Na6 9. Bd6 Ne4 10. e3 Naxc5 11. Bxc5 Nxc5 12. Qc2 Be4 13. Qd1 Bxc3+ 14. bxc3
O-O 15. Be2 Qf6 16. Qd4 Qg6 17. O-O Nb3 18. Qxd7 Nxa1 19. Rxa1 Rfd8 20. Qe7 Qf6
21. Qxf6 gxf6 22. a4 Bxf3 23. Bxf3 Rac8 24. a5 Rxc4 25. axb6 axb6 26. g3 Rxc3
27. Rb1 Rd2 28. Rxb6 Rc1+ 29. Kg2 Rcc2 30. Be4 Rxf2+ 31. Kg1 Rb2 32. Ra6 Rfd2
33. Ra1 Rxh2 34. g4 Rhe2 35. Kf1 Rxe3 36. Bc6 Rc3 37. Be4 Rc4 38. Re1 Kg7 39.
Bf3 Rf4 40. Re3 Rbb4 41. Kg2 Rxg4+ 42. Bxg4 Rxg4+ 43. Kh3 h5 44. Ra3 Kg6 45.
Ra8 Rb4 46. Rg8+ Kh7 47. Rf8 Kg7 48. Ra8 f5 49. Rc8 Kf6 50. Rh8 h4 51. Rf8 Rg4
52. Ra8 e5 53. Rb8 e4 54. Rc8 Kg5 55. Rc7 Rg3+ 56. Kh2 f6 57. Rg7+ Kf4 58. Rh7
h3 59. Rh6 e3 60. Rxf6 e2 61. Rf8 Rg2+ 62. Kxh3 Rg1 0-1

[Event "Chess Festival Groningen 2019 A"]
[Site "Groningen , Netherlands"]
[Date "2019.12.23"]
[Round "3"]
[White "Markus, John Raymond"]
[Black "Simet, Martin"]
[Result "0-1"]
[WhiteElo "1996"]
[BlackElo "2257"]
[PlyCount "56"]
[EventDate "2019.12.??"]

1. g3 Nf6 2. d3 d5 3. Bg2 e6 4. Nf3 Be7 5. O-O O-O 6. b3 b6 7. Bb2 Bb7 8. Nbd2
c5 9. c4 Nc6 10. cxd5 exd5 11. Ne5 Qc7 12. Nxc6 Bxc6 13. Rc1 Qb7 14. d4 Ne4 15.
Nxe4 dxe4 16. dxc5 Bxc5 17. Qc2 Rac8 18. e3 Rfe8 19. Rfd1 Bb5 20. Bh3 Rcd8 21.
Rxd8 Rxd8 22. Qc3 Bf8 23. a4 Be2 24. Bf1 Rd3 25. Qc2 Bxf1 26. Rxf1 Qd5 27. Bc3
Qf5 28. Bd4 Qf3 0-1

[Event "Chess Festival Groningen 2019 A"]
[Site "Groningen , Netherlands"]
[Date "2019.12.23"]
[Round "3"]
[White "Nicolai, Amir"]
[Black "Ananya Rishi Gupta"]
[Result "1-0"]
[WhiteElo "2108"]
[BlackElo "2037"]
[PlyCount "54"]
[EventDate "2019.12.??"]

1. c4 Nf6 2. Nc3 d5 3. cxd5 Nxd5 4. Nf3 Nc6 5. d4 Bg4 6. e4 Nb6 7. d5 Ne5 8.
Nxe5 Bxd1 9. Bb5+ Nd7 10. Bxd7+ Qxd7 11. Nxd7 Kxd7 12. Nxd1 e6 13. dxe6+ fxe6
14. Ke2 Bc5 15. Be3 Bxe3 16. Nxe3 a6 17. Rhd1+ Ke7 18. Rd3 Rad8 19. Rad1 Rxd3
20. Rxd3 Rf8 21. h4 h6 22. h5 g6 23. hxg6 Rf6 24. f4 Rxg6 25. Kf3 h5 26. g3 Rg7
27. e5 Rh7 1-0

[Event "Chess Festival Groningen 2019 A"]
[Site "Groningen , Netherlands"]
[Date "2019.12.23"]
[Round "3"]
[White "Shakhverdian, William"]
[Black "Kolbus, Dietmar"]
[Result "1/2-1/2"]
[WhiteElo "2039"]
[BlackElo "2294"]
[PlyCount "64"]
[EventDate "2019.12.??"]

1. d4 Nf6 2. c4 e6 3. Nf3 Bb4+ 4. Bd2 Qe7 5. Nc3 b6 6. e3 Bxc3 7. Bxc3 Ne4 8.
Qc2 Bb7 9. Bd3 Nxc3 10. Qxc3 d6 11. O-O Nd7 12. Qc2 c5 13. Be4 Bxe4 14. Qxe4
O-O 15. Rfd1 Nf6 16. Qd3 Rfd8 17. e4 Rac8 18. d5 e5 19. Ne1 Rb8 20. Nc2 Qd7 21.
a4 a5 22. Na3 Rf8 23. Nb5 Rb7 24. Ra3 Ne8 25. Qh3 Qxh3 26. Rxh3 Rd7 27. Rb3 Nf6
28. Re1 Nh5 29. Nc3 Rb8 30. g3 Re7 31. Nb5 Rd8 32. Nc3 Rb8 1/2-1/2

[Event "Chess Festival Groningen 2019 A"]
[Site "Groningen , Netherlands"]
[Date "2019.12.23"]
[Round "3"]
[White "Sodoma, Jan"]
[Black "Tabak, Stefan"]
[Result "1-0"]
[WhiteElo "2312"]
[BlackElo "2166"]
[PlyCount "65"]
[EventDate "2019.12.??"]

1. Nf3 Nf6 2. c4 g6 3. b3 Bg7 4. Bb2 O-O 5. g3 b6 6. Bg2 Bb7 7. O-O c5 8. e3 d5
9. cxd5 Bxd5 10. Nc3 Bb7 11. d4 cxd4 12. Nxd4 Bxg2 13. Kxg2 e5 14. Ndb5 Qxd1
15. Rfxd1 Nc6 16. Rac1 Rfd8 17. Rxd8+ Rxd8 18. Na4 Nb4 19. Bxe5 Nxa2 20. Bxf6
Bxf6 21. Rc6 Kg7 22. Nxa7 Rd2 23. Rxb6 Nc1 24. Nc5 Be7 25. Ne4 Rd7 26. Nc6 f5
27. Nxe7 fxe4 28. Nc8 Rd2 29. Nd6 Nxb3 30. Rb7+ Kh6 31. Nf7+ Kg7 32. Ng5+ Kh6
33. h4 1-0

[Event "Chess Festival Groningen 2019 A"]
[Site "Groningen , Netherlands"]
[Date "2019.12.23"]
[Round "3"]
[White "Sparenberg, Erik"]
[Black "Pienabarca, Nicola"]
[Result "1-0"]
[WhiteElo "2134"]
[BlackElo "2077"]
[PlyCount "91"]
[EventDate "2019.12.??"]

1. e4 e6 2. d4 d5 3. exd5 exd5 4. Bd3 Bd6 5. Nc3 c6 6. Nge2 Nf6 7. Bf4 O-O 8.
Qd2 b5 9. O-O Bg4 10. Ng3 Qc7 11. Bxd6 Qxd6 12. Rfe1 Nbd7 13. h3 Be6 14. Nce2
Rfe8 15. Nf4 Nf8 16. Re2 Bd7 17. Rae1 Rxe2 18. Rxe2 Ne6 19. Nxe6 Bxe6 20. Re5
Nd7 21. Re1 Nf8 22. Nh5 Qd8 23. Qf4 Ng6 24. Qg3 Qb8 25. f4 Qe8 26. Re5 f5 27.
Qg5 Bf7 28. Bxf5 Qd8 29. Qg3 Qf8 30. Re3 Qb4 31. Bd3 Qxd4 32. c3 Qa4 33. b3
Qxa2 34. f5 Qxb3 35. fxg6 Qd1+ 36. Kh2 Qxh5 37. gxf7+ Qxf7 38. Qd6 Re8 39. Rf3
Qe7 40. Qxc6 Qe5+ 41. Kg1 d4 42. Bxb5 Qe1+ 43. Rf1 Qe3+ 44. Kh1 Rd8 45. Qc7 Qg5
46. Qf7+ 1-0